[Event "Cardiff Welsh op"]
[Site "Cardiff"]
[Date "2023.04.08"]
[Round "4"]
[White "Parri, Deio"]
[Black "Havard, Gwyn"]
[Result "1/2-1/2"]
[WhiteElo "1597"]
[BlackElo "1889"]
[PlyCount "57"]
[EventDate "2023.04.07"]
[EventType "swiss"]
[EventRounds "7"]
[EventCountry "WLS"]
[SourceTitle "EXT 2024"]
[Source "ChessBase"]
[SourceDate "2023.10.10"]
[SourceVersion "1"]
[SourceVersionDate "2023.10.10"]
[SourceQuality "1"]

1. d4 Nf6 2. c4 e6 3. Nc3 Bb4 4. a3 Bxc3+ 5. bxc3 b6 6. Bg5 Bb7 7. Nf3 d5 8. e3 0-0 9. Bd3 Nbd7 10. 0-0 h6 11. Bh4 c5 12. Ne5 Qc8 13. Nxd7 Nxd7 14. cxd5 Bxd5 15. e4 Bb7 16. Rc1 Ba6 17. e5 Bxd3 18. Qxd3 f5 19. f4 Rf7 20. d5 c4 21. Qf3 Nc5 22. Rfd1 Ne4 23. dxe6 Qxe6 24. Rd4 Rc8 25. Rcd1 g5 26. fxg5 hxg5 27. Bg3 g4 28. Qf4 Re8 29. Qe3 1/2-1/2

[Event "South Wales Late Summer op"]
[Site "Cardiff"]
[Date "2022.09.04"]
[Round "5"]
[White "Kong, Emma Zihan"]
[Black "Parri, Deio"]
[Result "0-1"]
[WhiteElo "1270"]
[BlackElo "1609"]
[PlyCount "94"]
[EventDate "2022.09.02"]
[EventType "swiss"]
[EventRounds "5"]
[EventCountry "WLS"]
[SourceTitle "EXT 2024"]
[Source "ChessBase"]
[SourceDate "2023.10.10"]
[SourceVersion "1"]
[SourceVersionDate "2023.10.10"]
[SourceQuality "1"]

1. d4 d5 2. c4 c6 3. Nf3 Nf6 4. Bg5 e6 5. cxd5 cxd5 6. Nc3 Be7 7. e3 0-0 8. Bd3 h6 9. Bh4 b6 10. Qc2 Bb7 11. Ne5 Nbd7 12. f4 Rc8 13. 0-0 a6 14. a3 b5 15. Qd2 Nb6 16. Bxf6 Bxf6 17. Bc2 Bxe5 18. Qd3 f5 19. fxe5 Qe7 20. Qe2 Nc4 21. Bd3 Bc6 22. Rf3 Ra8 23. Bxc4 dxc4 24. Rg3 f4 25. exf4 Rxf4 26. Qe3 Raf8 27. Qd2 Qf7 28. Qd1 Qd7 29. Qd2 Qf7 30. Qd1 Rd8 31. Ne2 Rf2 32. Qe1 Rf8 33. Rd1 Be4 34. Nc1 Bc2 35. Rf3 Rxf3 36. gxf3 Bxd1 37. Qxd1 Qxf3 38. Qxf3 Rxf3 39. Kg2 Rf5 40. Ne2 Kf8 41. Kg3 Ke7 42. Nf4 Kd7 43. h4 g5 44. hxg5 Rxg5+ 45. Kh4 Rg1 46. Kh5 Rd1 47. Kxh6 Rxd4 0-1

[Event "Cardiff Welsh op"]
[Site "Cardiff"]
[Date "2022.04.18"]
[Round "6"]
[White "Parri, Deio"]
[Black "Emblem, Mark"]
[Result "1/2-1/2"]
[WhiteElo "1635"]
[BlackElo "1428"]
[PlyCount "32"]
[EventDate "2022.04.15"]
[EventType "swiss"]
[EventRounds "7"]
[EventCountry "WLS"]
[SourceTitle "CBM 207 Extra"]
[Source "ChessBase"]
[SourceDate "2022.05.31"]
[SourceVersion "1"]
[SourceVersionDate "2022.05.31"]
[SourceQuality "1"]

1. d4 Nf6 2. c4 b6 3. Nc3 e6 4. Nf3 Bb7 5. Bg5 Be7 6. e3 d6 7. Bd3 0-0 8. 0-0 Nbd7 9. Qc2 g6 10. Rad1 c5 11. e4 Nh5 12. Bh6 Re8 13. d5 Bf6 14. Ne2 e5 15. Ng3 Nf4 16. Ne2 Nh5 1/2-1/2

[Event "Cardiff Welsh op"]
[Site "Cardiff"]
[Date "2022.04.15"]
[Round "2"]
[White "Guy, David T"]
[Black "Parri, Deio"]
[Result "1-0"]
[WhiteElo "1870"]
[BlackElo "1635"]
[PlyCount "97"]
[EventDate "2022.04.15"]
[EventType "swiss"]
[EventRounds "7"]
[EventCountry "WLS"]
[SourceTitle "CBM 207 Extra"]
[Source "ChessBase"]
[SourceDate "2022.05.31"]
[SourceVersion "1"]
[SourceVersionDate "2022.05.31"]
[SourceQuality "1"]

1. d4 d5 2. c4 e6 3. Nc3 Nf6 4. Bg5 Be7 5. Nf3 0-0 6. e3 b6 7. Bd3 Bb7 8. 0-0 h6 9. Bh4 c6 10. Rc1 Nbd7 11. cxd5 cxd5 12. Qe2 Re8 13. Rfd1 a6 14. h3 Nf8 15. Ne5 N6d7 16. Bxe7 Qxe7 17. f4 f6 18. Nxd7 Nxd7 19. Bb1 Rad8 20. a3 Nf8 21. Ba2 Kh8 22. Qf2 Rd7 23. Na4 Qd6 24. Nc3 Rc8 25. Ne2 Rdc7 26. Rxc7 Rxc7 27. Rc1 Rd7 28. f5 e5 29. g4 b5 30. b4 a5 31. Rc5 axb4 32. axb4 Qa6 33. Nc3 Qa3 34. Nxb5 Qxb4 35. Nc7 exd4 36. exd4 Re7 37. Rb5 Qd6 38. Rxb7 Rxc7 39. Rxc7 Qxc7 40. Bxd5 Nd7 41. Qe3 Qd8 42. Kg2 Nb6 43. Bb3 Nd5 44. Qf3 Nb6 45. Qe4 Qa8 46. Qxa8+ Nxa8 47. d5 Kh7 48. d6 Nb6 49. Be6 1-0

[Event "South Wales New Year Major"]
[Site "Bridgend"]
[Date "2020.01.04"]
[Round "3"]
[White "Borkowski, Andrew"]
[Black "Parri, Deio"]
[Result "1-0"]
[WhiteElo "1806"]
[BlackElo "1622"]
[PlyCount "30"]
[EventDate "2020.01.03"]
[EventType "swiss"]
[EventRounds "5"]
[EventCountry "WLS"]
[SourceTitle "EXT 2022"]
[Source "ChessBase"]
[SourceDate "2021.10.06"]
[SourceVersion "1"]
[SourceVersionDate "2021.10.06"]
[SourceQuality "1"]

1. d4 d5 2. Nf3 Nf6 3. e3 e6 4. Ne5 c5 5. c3 Nc6 6. f4 Be7 7. Bd3 Qc7 8. Nd2 a6 9. a4 b6 10. 0-0 Bb7 11. Qf3 g6 12. Qh3 Bd6 13. Ndf3 0-0-0 14. Bd2 Rdg8 15. Ng5 Nd8 1-0

[Event "North Wales Major op 4th"]
[Site "Llandudno"]
[Date "2019.06.23"]
[Round "5"]
[White "Jones, Dewi"]
[Black "Parri, Deio"]
[Result "1/2-1/2"]
[WhiteElo "1532"]
[BlackElo "1651"]
[PlyCount "45"]
[EventDate "2019.06.21"]
[EventType "swiss"]
[EventRounds "5"]
[EventCountry "WLS"]
[SourceTitle "EXT 2020"]
[Source "ChessBase"]
[SourceDate "2019.10.17"]
[SourceVersion "1"]
[SourceVersionDate "2019.10.17"]
[SourceQuality "1"]

1. e4 e6 2. d4 d5 3. exd5 exd5 4. Nf3 Nf6 5. Bd3 Be7 6. 0-0 0-0 7. Ne5 c5 8. c3 c4 9. Bc2 b5 10. Nd2 Bb7 11. Re1 Nbd7 12. f4 a5 13. Re3 h6 14. Qe1 Re8 15. Rh3 Ra6 16. Qg3 Ne4 17. Nxe4 dxe4 18. Nxd7 Qxd7 19. f5 Qxf5 20. Rxh6 Rxh6 21. Bxh6 g6 22. Qc7 Qd5 23. Qe5 1/2-1/2

[Event "North Wales Major op 4th"]
[Site "Llandudno"]
[Date "2019.06.23"]
[Round "4"]
[White "Parri, Deio"]
[Black "Banerjee, Sanjoy K"]
[Result "1/2-1/2"]
[WhiteElo "1651"]
[BlackElo "1571"]
[PlyCount "56"]
[EventDate "2019.06.21"]
[EventType "swiss"]
[EventRounds "5"]
[EventCountry "WLS"]
[SourceTitle "EXT 2020"]
[Source "ChessBase"]
[SourceDate "2019.10.17"]
[SourceVersion "1"]
[SourceVersionDate "2019.10.17"]
[SourceQuality "1"]

1. d4 Nf6 2. c4 e6 3. Nc3 Bb4 4. Qc2 0-0 5. Nf3 c5 6. e3 d5 7. Bd3 cxd4 8. exd4 dxc4 9. Bxc4 b6 10. Bg5 Ba6 11. Bxa6 Nxa6 12. 0-0 Be7 13. Rfe1 Nb4 14. Qe2 Nbd5 15. Nxd5 Nxd5 16. Bxe7 Qxe7 17. Rac1 Qf6 18. Qe5 Qxe5 19. dxe5 Nb4 20. Re4 Rac8 21. Rec4 Rxc4 22. Rxc4 Nxa2 23. Ra4 Nc1 24. Rxa7 Nd3 25. Rb7 Rc8 26. h3 Nxb2 27. Rxb6 Nc4 28. Rb1 h6 1/2-1/2

[Event "WLS-ch Major 65th"]
[Site "Cardiff"]
[Date "2019.04.22"]
[Round "6"]
[White "Lewis, David2222"]
[Black "Parri, Deio"]
[Result "1/2-1/2"]
[WhiteElo "1558"]
[BlackElo "1652"]
[PlyCount "36"]
[EventDate "2019.04.19"]
[EventType "swiss"]
[EventRounds "7"]
[EventCountry "WLS"]
[SourceTitle "CBM 190 Extra"]
[Source "ChessBase"]
[SourceDate "2019.07.15"]
[SourceVersion "1"]
[SourceVersionDate "2019.07.15"]
[SourceQuality "1"]

1. e4 e6 2. d4 d5 3. e5 c5 4. Nf3 Nc6 5. c3 Qb6 6. Na3 Bd7 7. Nc2 cxd4 8. cxd4 Nge7 9. Be2 Ng6 10. h4 Bb4+ 11. Kf1 Be7 12. g3 0-0-0 13. Ne3 Kb8 14. Rb1 f6 15. h5 Nf8 16. Ng4 f5 17. Ne3 g6 18. h6 Rg8 1/2-1/2

[Event "Dyfed op 48th"]
[Site "Fishguard"]
[Date "2019.02.23"]
[Round "3.16"]
[White "Parri, Deio"]
[Black "Andrews, Norman G"]
[Result "1/2-1/2"]
[WhiteElo "1659"]
[BlackElo "1605"]
[PlyCount "36"]
[EventDate "2019.02.22"]
[EventType "swiss"]
[EventRounds "5"]
[EventCountry "WLS"]
[SourceTitle "EXT 2020"]
[Source "ChessBase"]
[SourceDate "2019.10.17"]
[SourceVersion "1"]
[SourceVersionDate "2019.10.17"]
[SourceQuality "1"]

1. d4 Nf6 2. c4 b6 3. Nc3 Bb7 4. Nf3 e6 5. e3 Bb4 6. Bd2 0-0 7. Bd3 d6 8. 0-0 Nbd7 9. Re1 e5 10. e4 exd4 11. Nxd4 Nc5 12. Bg5 Nxd3 13. Qxd3 Bxc3 14. bxc3 h6 15. Bxf6 Qxf6 16. f3 Rfe8 17. Nf5 a5 18. Ne3 Rad8 1/2-1/2

[Event "Tom Weston Major op"]
[Site "Cardiff"]
[Date "2016.03.28"]
[Round "6"]
[White "Fraser, Susanna"]
[Black "Parri, Deio"]
[Result "1-0"]
[WhiteElo "1439"]
[BlackElo "1681"]
[PlyCount "85"]
[EventDate "2016.03.25"]
[EventType "swiss"]
[EventRounds "7"]
[EventCountry "WLS"]
[SourceTitle "EXT 2018"]
[Source "ChessBase"]
[SourceDate "2017.10.13"]
[SourceVersion "1"]
[SourceVersionDate "2017.10.13"]
[SourceQuality "1"]

1. d4 d5 2. Nc3 Nf6 3. Bg5 e6 4. e4 Be7 5. e5 Nfd7 6. h4 h6 7. Qh5 g6 8. Bxe7 Qxe7 9. Qg4 c5 10. Nb5 Nc6 11. Nc7+ Kf8 12. Nxa8 Nxd4 13. 0-0-0 Nxe5 14. Qf4 f6 15. Re1 Nec6 16. Nf3 Nxf3 17. Qxf3 e5 18. g4 Be6 19. g5 e4 20. gxf6 Qd8 21. Qg3 Qxf6 22. Nc7 Bf7 23. Nb5 a6 24. Qd6+ Qe7 25. Qxe7+ Kxe7 26. Nc3 b5 27. f3 Kd6 28. fxe4 d4 29. Nd1 Bxa2 30. b3 c4 31. bxc4 Bxc4 32. Bxc4 bxc4 33. Nf2 Ne5 34. Rd1 Kc5 35. c3 d3 36. Kb2 Rb8+ 37. Kc1 Rb3 38. Kd2 Rb2+ 39. Ke1 Rc2 40. Ra1 Rxc3 41. Ra5+ Kd4 42. Rd5+ Ke3 43. Nd1+ 1-0

[Event "Tom Weston Major op"]
[Site "Cardiff"]
[Date "2016.03.28"]
[Round "7"]
[White "Parri, Deio"]
[Black "Llewellyn, Alan Mansel"]
[Result "1-0"]
[WhiteElo "1681"]
[BlackElo "1514"]
[PlyCount "43"]
[EventDate "2016.03.25"]
[EventType "swiss"]
[EventRounds "7"]
[EventCountry "WLS"]
[SourceTitle "EXT 2018"]
[Source "ChessBase"]
[SourceDate "2017.10.13"]
[SourceVersion "1"]
[SourceVersionDate "2017.10.13"]
[SourceQuality "1"]

1. d4 Nf6 2. c4 g6 3. Nc3 d5 4. Nf3 Bg7 5. e3 c6 6. Be2 0-0 7. 0-0 Bg4 8. h3 Bxf3 9. Bxf3 dxc4 10. Qe2 b5 11. Nxb5 Nd5 12. Na3 c3 13. Bxd5 cxb2 14. Bxf7+ Rxf7 15. Bxb2 Nd7 16. Nc4 Rb8 17. Rab1 c5 18. dxc5 Bxb2 19. Rxb2 Nxc5 20. Ne5 Rxb2 21. Qxb2 Nd3 22. Nxf7 1-0

[Event "Tom Weston Major op"]
[Site "Cardiff"]
[Date "2016.03.25"]
[Round "1"]
[White "Ivekovic, Tihana"]
[Black "Parri, Deio"]
[Result "1-0"]
[WhiteElo "2115"]
[BlackElo "1681"]
[PlyCount "59"]
[EventDate "2016.03.25"]
[EventType "swiss"]
[EventRounds "7"]
[EventCountry "WLS"]
[SourceTitle "EXT 2018"]
[Source "ChessBase"]
[SourceDate "2017.10.13"]
[SourceVersion "1"]
[SourceVersionDate "2017.10.13"]
[SourceQuality "1"]

1. d4 d5 2. c4 c6 3. Nc3 Nf6 4. Nf3 Bg4 5. e3 e6 6. Qc2 Be7 7. Bd3 0-0 8. Ne5 Bh5 9. 0-0 Nbd7 10. cxd5 exd5 11. a3 Rc8 12. Nxd7 Nxd7 13. Bxh7+ Kh8 14. Bf5 Bd6 15. f4 f6 16. Qf2 g5 17. Qg3 Kg7 18. Qh3 Rh8 19. Bxd7 Be8 20. Bxc8 Rxh3 21. Bxh3 Qc7 22. g3 Bf7 23. Bd2 c5 24. Nb5 Qb6 25. Nxd6 Qxd6 26. fxg5 fxg5 27. dxc5 Qxc5 28. Bc3+ Kg8 29. Bd4 Qe7 30. Rac1 1-0

[Event "South Wales New Year Major op"]
[Site "Bridgend"]
[Date "2015.01.03"]
[Round "2"]
[White "Parri, Deio"]
[Black "McLaren, Thomas"]
[Result "1-0"]
[WhiteElo "1689"]
[BlackElo "1462"]
[PlyCount "77"]
[EventDate "2015.01.02"]
[EventType "swiss"]
[EventRounds "5"]
[EventCountry "WLS"]
[SourceTitle "EXT 2018"]
[Source "ChessBase"]
[SourceDate "2017.10.13"]
[SourceVersion "1"]
[SourceVersionDate "2017.10.13"]
[SourceQuality "1"]

1. d4 Nf6 2. c4 g6 3. Nc3 Bg7 4. e4 d6 5. Bd3 0-0 6. Nge2 Nbd7 7. f3 c5 8. Bg5 cxd4 9. Nxd4 Qb6 10. Nb3 h6 11. Bh4 Nc5 12. Bf2 Nfd7 13. Nd5 Qd8 14. Rb1 e6 15. Nc3 a6 16. 0-0 Qc7 17. Nxc5 Nxc5 18. Qc2 Bd7 19. Be2 Qb6 20. b4 Bxc3 21. bxc5 Qa5 22. c6 Bxc6 23. Bb6 Qe5 24. Rfd1 d5 25. cxd5 exd5 26. Rd3 d4 27. Rbd1 Bb5 28. Bxd4 Bxd4+ 29. Rxd4 Rac8 30. Qd2 Bc6 31. Qxh6 Qc5 32. Qc1 Qa7 33. Qb2 Ba4 34. R1d2 Rfd8 35. Kf1 Rxd4 36. Qxd4 Qxd4 37. Rxd4 Rc1+ 38. Kf2 Rc2 39. Rxa4 1-0

[Event "South Wales Autumn op"]
[Site "Wales"]
[Date "2014.10.12"]
[Round "4"]
[White "Parri, Deio"]
[Black "MacNeil, Elliott"]
[Result "1/2-1/2"]
[WhiteElo "1707"]
[BlackElo "1655"]
[PlyCount "51"]
[EventDate "2014.10.10"]
[EventType "swiss"]
[EventRounds "5"]
[EventCountry "WLS"]
[SourceTitle "EXT 2016"]
[Source "ChessBase"]
[SourceDate "2015.10.08"]
[SourceVersion "1"]
[SourceVersionDate "2015.10.08"]
[SourceQuality "1"]

1. d4 Nf6 2. c4 e6 3. Nc3 b6 4. e4 Bb7 5. Bd3 Bb4 6. Nge2 Nxe4 7. 0-0 Nxc3 8. bxc3 Bd6 9. g3 Qf6 10. f4 Na6 11. Be3 0-0-0 12. c5 Bf8 13. Qa4 Nb8 14. Qxa7 e5 15. fxe5 Qc6 16. Kf2 Qf3+ 17. Ke1 Qxe3 18. Bf5 Ba6 19. Bg4 Bxe2 20. Bxe2 Qxc3+ 21. Kf2 Qxd4+ 22. Kg2 Qd2 23. cxb6 Qxe2+ 24. Kh3 cxb6 25. Rfc1+ Nc6 26. Qa8+ 1/2-1/2

[Event "Sunningdale e2e4 op U2050 05"]
[Site "Sunningdale"]
[Date "2013.05.25"]
[Round "2"]
[White "Parri, Deio"]
[Black "Balouka Myers, Reuben"]
[Result "1-0"]
[WhiteElo "1833"]
[BlackElo "1592"]
[PlyCount "67"]
[EventDate "2013.05.24"]
[EventType "swiss"]
[EventRounds "7"]
[EventCountry "ENG"]
[SourceTitle "EXT 2014"]
[Source "ChessBase"]
[SourceDate "2013.11.20"]
[SourceVersion "1"]
[SourceVersionDate "2013.11.20"]
[SourceQuality "1"]

1. d4 f5 2. e4 fxe4 3. Nc3 e3 4. Bxe3 g6 5. Bd3 Nf6 6. f4 e6 7. Nf3 Bg7 8. Qd2 b6 9. 0-0-0 Bb7 10. Rdf1 a5 11. Rhg1 Ng4 12. Kb1 Bxf3 13. gxf3 Nxe3 14. Qxe3 0-0 15. Rg4 Qf6 16. Ne2 Nc6 17. c3 Ne7 18. Rfg1 Nd5 19. Qd2 Ne7 20. h4 Rf7 21. Ng3 Nf5 22. h5 Nxg3 23. hxg6 Nf5 24. gxf7+ Kxf7 25. Bxf5 exf5 26. Rxg7+ Qxg7 27. Rxg7+ Kxg7 28. Qe3 Rf8 29. Qe7+ Rf7 30. Qe5+ Kg8 31. Qxc7 d6 32. Qxd6 Rg7 33. Kc2 h5 34. Kd2 1-0

[Event "Sunningdale e2e4 op U2050 05"]
[Site "Sunningdale"]
[Date "2013.05.25"]
[Round "3"]
[White "Tart, Peter K"]
[Black "Parri, Deio"]
[Result "0-1"]
[WhiteElo "1978"]
[BlackElo "1833"]
[PlyCount "92"]
[EventDate "2013.05.24"]
[EventType "swiss"]
[EventRounds "7"]
[EventCountry "ENG"]
[SourceTitle "EXT 2014"]
[Source "ChessBase"]
[SourceDate "2013.11.20"]
[SourceVersion "1"]
[SourceVersionDate "2013.11.20"]
[SourceQuality "1"]

1. e4 e6 2. d4 d5 3. exd5 exd5 4. Bd3 Nf6 5. Bg5 Be7 6. Qf3 Bg4 7. Qg3 Bh5 8. Nh3 Bg6 9. 0-0 0-0 10. Bxg6 fxg6 11. Qb3 Nc6 12. c3 h6 13. Bxf6 Rxf6 14. Qxb7 Rb8 15. Qa6 Rxb2 16. Qd3 g5 17. f3 Bd6 18. Nd2 Ne7 19. Nb3 c6 20. Nf2 h5 21. Nd1 Rxb3 22. axb3 Qc7 23. f4 gxf4 24. Qf3 g6 25. c4 Nf5 26. Qd3 f3 27. Rxf3 Bxh2+ 28. Kf2 Bg3+ 29. Ke2 Bf4 30. Kf1 Ng3+ 31. Kg1 Ne4 32. Ra2 Bh2+ 33. Kh1 Re6 34. Ra1 Bg3 35. Rc1 Bh4 36. cxd5 Ng3+ 37. Rxg3 Re1+ 38. Kh2 Bxg3+ 39. Qxg3 Rh1+ 40. Kxh1 Qxg3 41. dxc6 Qh4+ 42. Kg1 Qxd4+ 43. Nf2 Qd2 44. Rd1 Qc2 45. Rd6 Qc1+ 46. Nd1 Qc5+ 0-1

[Event "Tom Weston Major op"]
[Site "Cardiff"]
[Date "2009.04.13"]
[Round "7"]
[White "Probert, Malcolm"]
[Black "Parri, Deio"]
[Result "1/2-1/2"]
[WhiteElo "1604"]
[BlackElo "1544"]
[PlyCount "71"]
[EventDate "2009.04.10"]
[EventType "swiss"]
[EventRounds "7"]
[EventCountry "WLS"]
[SourceTitle "EXT 2011"]
[Source "ChessBase"]
[SourceDate "2010.11.26"]
[SourceVersion "1"]
[SourceVersionDate "2010.11.26"]
[SourceQuality "1"]

1. e4 e6 2. d4 d5 3. exd5 exd5 4. Be3 Nf6 5. Bd3 Bd6 6. Nc3 0-0 7. Qd2 c6 8. h3 b5 9. Nge2 a5 10. 0-0 Qc7 11. f4 Re8 12. Ng3 b4 13. Nce2 Ne4 14. Nxe4 dxe4 15. Bc4 Ba6 16. Bxa6 Nxa6 17. c4 Rad8 18. Rac1 Nc5 19. Rcd1 Nd3 20. Nc1 Nxc1 21. Rxc1 Bc5 22. Qf2 Ba7 23. c5 Qe7 24. f5 f6 25. g4 Rd5 26. h4 Bb8 27. Rc2 Rf8 28. Re2 Qd7 29. Rfe1 h5 30. Qg2 hxg4 31. Qxg4 Qxf5 32. Qxf5 Rxf5 33. Bf2 Rf4 34. Rxe4 Rxe4 35. Rxe4 Kf7 36. Kg2 1/2-1/2

[Event "WLS-ch Major"]
[Site "Cardiff"]
[Date "2005.03.26"]
[Round "2"]
[White "Parri, Deio"]
[Black "Hunt, William"]
[Result "1/2-1/2"]
[WhiteElo "1653"]
[BlackElo "1806"]
[PlyCount "97"]
[EventDate "2005.03.25"]
[EventType "swiss"]
[EventRounds "7"]
[EventCountry "WLS"]
[SourceTitle "EXT 2006"]
[Source "ChessBase"]
[SourceDate "2005.11.24"]
[SourceVersion "1"]
[SourceVersionDate "2005.11.24"]
[SourceQuality "1"]

1. d4 d6 2. c4 g6 3. Nc3 Bg7 4. e4 Nf6 5. Bd3 0-0 6. Nge2 e5 7. d5 a5 8. f3 Na6 9. Bg5 h6 10. Be3 Nh5 11. g4 Nf4 12. Nxf4 exf4 13. Bxf4 Qf6 14. Be3 Nb4 15. Be2 h5 16. g5 Qe7 17. Qd2 Bd7 18. 0-0-0 Rfe8 19. Kb1 a4 20. h4 a3 21. b3 Na6 22. Bd4 Bxd4 23. Qxd4 Nc5 24. Rde1 b6 25. Bd1 Rab8 26. Qd2 b5 27. cxb5 Bxb5 28. Bc2 Bd7 29. f4 Bg4 30. Bd1 Bd7 31. Bc2 Bg4 32. e5 dxe5 33. Rxe5 Qd7 34. Rhe1 Rxe5 35. Rxe5 Qd6 36. Qe3 Kf8 37. f5 Nd7 38. Re4 Bxf5 39. Rf4 Re8 40. Qf2 Qxf4 41. Qxf4 Re1+ 42. Qc1 Rxc1+ 43. Kxc1 Bg4 44. Nb5 Ne5 45. Nxc7 Nf3 46. d6 Nxh4 47. Be4 Nf5 48. d7 Ke7 49. Nd5+ 1/2-1/2

[Event "WLS-ch Major"]
[Site "Cardiff"]
[Date "2005.03.25"]
[Round "1"]
[White "Spencer, Douglas"]
[Black "Parri, Deio"]
[Result "1-0"]
[WhiteElo "1854"]
[BlackElo "1653"]
[PlyCount "29"]
[EventDate "2005.03.25"]
[EventType "swiss"]
[EventRounds "7"]
[EventCountry "WLS"]
[SourceTitle "EXT 2006"]
[Source "ChessBase"]
[SourceDate "2005.11.24"]
[SourceVersion "1"]
[SourceVersionDate "2005.11.24"]
[SourceQuality "1"]

1. d4 d5 2. e4 e6 3. Nc3 Nf6 4. Bg5 Be7 5. e5 Nfd7 6. h4 0-0 7. Qg4 Re8 8. Bh6 g6 9. h5 Nf8 10. Bd3 Qd7 11. Nf3 c5 12. dxc5 Nc6 13. Nb5 Bxc5 14. Qf4 Ne7 15. Qf6 1-0

[Event "WLS-ch Major"]
[Site "Cardiff"]
[Date "2004.04.09"]
[Round "1"]
[White "Parri, Deio"]
[Black "Turner, John David"]
[Result "1-0"]
[WhiteElo "1690"]
[BlackElo "1869"]
[PlyCount "61"]
[EventDate "2004.04.09"]
[EventType "swiss"]
[EventRounds "7"]
[EventCountry "WLS"]
[SourceTitle "EXT 2006"]
[Source "ChessBase"]
[SourceDate "2005.11.24"]
[SourceVersion "1"]
[SourceVersionDate "2005.11.24"]
[SourceQuality "1"]

1. d4 Nf6 2. c4 c5 3. d5 e5 4. Nc3 d6 5. e4 Be7 6. Bd3 0-0 7. Nge2 Na6 8. f3 Nh5 9. Be3 Nc7 10. Qd2 a6 11. 0-0-0 b5 12. g4 Nf6 13. Ng3 bxc4 14. Bb1 Nb5 15. g5 Ne8 16. h4 Nd4 17. Qg2 a5 18. Rdg1 a4 19. a3 Nc7 20. Nf5 Ncb5 21. Bxd4 cxd4 22. Nxb5 Bxf5 23. exf5 Qb6 24. f6 c3 25. Bxh7+ Kh8 26. Bd3 cxb2+ 27. Kb1 Bd8 28. Qg4 Kg8 29. Qh5 g6 30. Qh6 Rc8 31. Qg7# 1-0